Algunas obras del Doctor Francisco López de Villalobos / (Record no. 167563)

MARC details
000 -LEADER
campo de control de longitud fija 01220nam a22002535i 4500
001 - NÚMERO DE CONTROL
campo de control 167563
003 - IDENTIFICADOR DE NÚMERO DE CONTROL
campo de control ES-MaACL
005 - FECHA Y HORA DE LA ÚLTIMA TRANSACCIÓN
campo de control 20250824085052.0
008 - DATOS DE LONGITUD FIJA--INFORMACIÓN GENERAL
campo de control de longitud fija 990412s1886 sp |||| | spa d
100 1# - ENTRADA PRINCIPAL--NOMBRE DE PERSONA
Nombre de persona López de Villalobos, Francisco.
9 (RLIN) 73598
245 10 - MENCIÓN DEL TÍTULO
Título Algunas obras del Doctor Francisco López de Villalobos /
Mención de responsabilidad, etc. publícalas la Sociedad de Bibliófilos españoles.
260 ## - PUBLICACIÓN, DISTRIBUCIÓN, ETC.
Lugar de publicación, distribución, etc. Madrid :
Nombre del editor, distribuidor, etc. Sociedad de Bibliófilos Españoles,
Fecha de publicación, distribución, etc. 1886 (
Fabricante Imprenta de Miguel Ginesta)
300 ## - DESCRIPCIÓN FÍSICA
Extensión 229, 503 p ;
Dimensiones 23 cm.
490 1# - MENCIÓN DE SERIE
Mención de serie Sociedad de Bibliófilos Españoles ;
Designación de volumen o secuencia 24
505 8# - NOTA DE CONTENIDO CON FORMATO
Nota de contenido con formato Contiene: Obras científicas ; Obras literarias ; Cartas castellanas ; Cartas latinas ; Poesías ; El sumario de la medicina con un Tratado sobre las pestíferas bubas
530 ## - NOTA DISPONIBLE DE FORMULARIO FÍSICO ADICIONAL
Nota de formato físico adicional disponible Disponible en formato digital.
650 #7 - PUNTO DE ACCESO ADICIONAL DE MATERIA--TÉRMINO DE MATERIA
Término de materia o nombre geográfico como elemento de entrada Medicina medieval
Fuente del encabezamiento o término embne
9 (RLIN) 152333
650 #4 - PUNTO DE ACCESO ADICIONAL DE MATERIA--TÉRMINO DE MATERIA
Término de materia o nombre geográfico como elemento de entrada Literatura española-
Subdivisión cronológica S.XVI-XVII.
9 (RLIN) 152334
710 2# - ENTRADA AGREGADA--NOMBRE DE ENTIDAD CORPORATIVA
Nombre de entidad corporativa o nombre de jurisdicción como elemento de entrada Sociedad de Bibliófilos Españoles.
9 (RLIN) 6661
830 10 - PUNTO DE ACCESO ADICIONAL DE SERIE-TÍTULO UNIFORME
Título uniforme Sociedad de Bibliófilos Españoles
Designación de volumen o secuencia 24
9 (RLIN) 187662
852 4# - LOCALIZACIÓN
Ubicación ES-MaACL
Número de control de estantería J-7(24)
Nota libre - Enc. hol.
856 4# - LOCALIZACIÓN Y ACCESO ELECTRÓNICOS
Identificador Uniforme de Recursos <a href="https://archive.org/details/17manerasdeconcl00stei/page/n5/mode/2up">https://archive.org/details/17manerasdeconcl00stei/page/n5/mode/2up</a>
Nota pública Internet Archive
Holdings
Estatus retirado Estado de pérdida Estado de daño No para préstamo Colección Biblioteca de origen Biblioteca actual Ubicación en estantería Fecha de adquisición Fuente de adquisición Total de préstamos Signatura topográfica completa Código de barras Visto por última vez Precio de reemplazo Tipo de ítem Koha
        Colección digital Biblioteca del Ateneo de Madrid Biblioteca del Ateneo de Madrid Depósito 2 17/01/2008     J-7 (24) 1175793 23/02/2023 23/02/2023 Libro impreso antiguo